How to make a habit of succeeding (Record no. 166189)

MARC details
000 -LEADER
fixed length control field 00374nam a2200145Ia 4500
008 - FIXED-LENGTH DATA ELEMENTS--GENERAL INFORMATION
fixed length control field 231217s9999 xx 000 0 und d
041 ## - LANGUAGE CODE
Language code of text/sound track or separate title English
082 ## - DEWEY DECIMAL CLASSIFICATION NUMBER
Classification number 158.1 DOU `R'
100 ## - MAIN ENTRY--PERSONAL NAME
Personal name Douglas, Mack R Wilson, W Heartsill For.
245 #0 - TITLE STATEMENT
Title How to make a habit of succeeding
260 ## - PUBLICATION, DISTRIBUTION, ETC.
Date of publication, distribution, etc. 1994
Name of publisher, distributor, etc. UBSPD, N.Delhi
300 ## - PHYSICAL DESCRIPTION
Extent 183
650 ## - SUBJECT ADDED ENTRY--TOPICAL TERM
Topical term or geographic name entry element Success
942 ## - ADDED ENTRY ELEMENTS (KOHA)
Koha item type Books
Holdings
Date last seen Total checkouts Full call number Accession number Cost, total (INR) price Price effective from Category Lost status Damaged status Department Withdrawn status Home library Current library Entry date Vendor Cost, normal purchase price Grants Billnumber Billdate Currency symbol Conversion rate Discount Old discount
26/01/2024   158.1 DOU `R' 12568 80.75 26/01/2024 Books     Central Library   Central Library Central Library 21/01/1999 Vinayaka 95.00 GEN 1049 14/09/2001 RS 1 14.25 15

© For any Suggestions or Query, please contact the library staff @ librarian@pes.edu or Phone: +9180 2672 1983/ 2108.